header

Visual Basic 2005 programmer's reference / (Record no. 254331)

MARC details
000 -LEADER
fixed length control field 00574nam a22001817a 4500
003 - CONTROL NUMBER IDENTIFIER
control field OSt
005 - DATE AND TIME OF LATEST TRANSACTION
control field 20160602162403.0
008 - FIXED-LENGTH DATA ELEMENTS--GENERAL INFORMATION
fixed length control field 160602b xxu||||| |||| 00| 0 eng d
010 ## - LIBRARY OF CONGRESS CONTROL NUMBER
LC control number 2005008717
020 ## - INTERNATIONAL STANDARD BOOK NUMBER
International Standard Book Number 9780764571985 (paper/website) 0764571982 (paper/website)
040 ## - CATALOGING SOURCE
Transcribing agency n/a
050 ## - LIBRARY OF CONGRESS CALL NUMBER
Classification number QA76.73
Item number .B3 S83397 2005
100 ## - MAIN ENTRY--PERSONAL NAME
Personal name Stephens,Rod
Dates associated with a name 1961-
245 ## - TITLE STATEMENT
Title Visual Basic 2005 programmer's reference /
Statement of responsibility, etc Rod Stephens.
260 ## - PUBLICATION, DISTRIBUTION, ETC. (IMPRINT)
Place of publication, distribution, etc Indianapolis, IN :
Name of publisher, distributor, etc Wiley Pub.,
Date of publication, distribution, etc c2005.
300 ## - PHYSICAL DESCRIPTION
Extent xxxiii, 1022 p. :
Other physical details ill. ;
Dimensions 24 cm.
942 ## - ADDED ENTRY ELEMENTS (KOHA)
Source of classification or shelving scheme Library of Congress Classification
Koha item type Reference
Holdings
Withdrawn status Lost status Source of classification or shelving scheme Damaged status Not for loan Collection code Home library Current library Shelving location Date acquired Total Checkouts Full call number Barcode Date last seen Date checked out Price effective from Koha item type
    Library of Congress Classification     Non-fiction Rongo University Library Rongo University Library General Stacks 02/06/2016 3 QA76.73 .B3 S83397 2005 201612351 21/11/2018 08/11/2018 02/06/2016 Long Loan Books

© 2026 Rongo University
Contact us: librarian | system librarian | Rongo university